000 00704nam a2200181 a 4500
003 0
005 20250314114056.0
008 080925s19uu xx 00 eng d
050 _aPHS TX 911.3.S3
_b.Ol45 2008
100 _aOlegario, Ulabel P.
245 _aA comparative study on the effectiveness of selected dishwashing liquids in inhibiting the growth of Salmonella enteritidis /
_cUlabel P. Olegario.
260 _aLas PiƱas City, Philippines :
_bSouthville International School and Colleges,
_c2008.
300 _a31 pages :
_billustrations ;
_c28 cm.
504 _aIncludes bibliographical references.
650 _aDishwashing
_xSanitation.
650 _aDetergents
_xTesting.
942 _2lcc
_cPASS
999 _c98118
_d98118